| 000 | 00857cam a2200193 i 4500 | ||
|---|---|---|---|
| 005 | 20260126124727.0 | ||
| 008 | 250721s2024 ua gr 000 0 ara d | ||
| 020 | _a9789778684483 | ||
| 082 | 1 | 4 |
_a346.025 _bم س ع |
| 100 | 1 |
_aمسعود، بهاء الدين السيد محمد السيد _eمعد. |
|
| 245 | 1 | 2 |
_aالموانع الطارئة لنفاذ العقود المدنية الحديثة : _bفي الفقه الاسلامي والقانون المدني / _cإعداد الباحث بهاء الدين السيد محمد السيد مسعود. |
| 250 | _aالطبعة الأولى. | ||
| 264 | 3 | 1 |
_aالاسكندرية : _bمؤسسة المعرفة لنشر وتوزيع الكتب، _c2024. |
| 300 | _a294 صفحة. | ||
| 650 | 1 | 7 | _aالقانون. |
| 650 | 1 | 7 | _aالعقود. |
| 942 |
_2ddc _cBK |
||
| 999 |
_c146330 _d146330 |
||